Từ điển sinh học Anh - Việt và Việt - Anh : Khoảng 50.000 thuật ngữ = English - Vietnamese and Vietnamese - English dictionary of biology
সংরক্ষণ করুন:
| বিন্যাস: | Sách giấy |
|---|---|
| ভাষা: | Vietnamese |
| প্রকাশিত: |
H. :
Khoa học Kỹ thuật,
2003
|
| ট্যাগগুলো: |
ট্যাগ যুক্ত করুন
কোনো ট্যাগ নেই, প্রথমজন হিসাবে ট্যাগ করুন!
|
| Thư viện lưu trữ: | Thư viện Trường Đại học Đà Lạt |
|---|
| LEADER | 00720nam a2200277 4500 | ||
|---|---|---|---|
| 001 | DLU040029061 | ||
| 005 | ##20040914 | ||
| 040 | # | # | |a DLU |b vie |
| 041 | # | # | |a vie |
| 044 | # | # | |a vn |
| 082 | # | # | |a 570.3 |b Tud |
| 245 | # | # | |a Từ điển sinh học Anh - Việt và Việt - Anh : Khoảng 50.000 thuật ngữ = |b English - Vietnamese and Vietnamese - English dictionary of biology |
| 260 | # | # | |a H. : |b Khoa học Kỹ thuật, |c 2003 |
| 300 | # | # | |a 1693tr. ; |c 24 cm |
| 923 | # | # | |a 21/2004 |
| 992 | # | # | |a 210.000 |
| 994 | # | # | |a DLU |
| 998 | # | # | |a TK |
| 900 | # | # | |a True |
| 911 | # | # | |a Đào Thị Thu Huyền |
| 925 | # | # | |a G |
| 926 | # | # | |a A |
| 927 | # | # | |a SH |
| 980 | # | # | |a Thư viện Trường Đại học Đà Lạt |